<?xml version="1.0" encoding="UTF-8"?>
<record
    xmlns:xsi="http://www.w3.org/2001/XMLSchema-instance"
    xsi:schemaLocation="http://www.loc.gov/MARC21/slim http://www.loc.gov/standards/marcxml/schema/MARC21slim.xsd"
    xmlns="http://www.loc.gov/MARC21/slim">

  <leader>03296nam a2200541 i 4500</leader>
  <controlfield tag="001">ebr10828914</controlfield>
  <controlfield tag="003">CaPaEBR</controlfield>
  <controlfield tag="006">m     o  d        </controlfield>
  <controlfield tag="007">cr cn|||||||||</controlfield>
  <controlfield tag="008">120227t20102010sz ad   ob    101 0 eng|d</controlfield>
  <datafield tag="020" ind1=" " ind2=" ">
    <subfield code="z">3908158478</subfield>
  </datafield>
  <datafield tag="020" ind1=" " ind2=" ">
    <subfield code="z">9783908158479</subfield>
  </datafield>
  <datafield tag="020" ind1=" " ind2=" ">
    <subfield code="a">9783038134213 (e-book)</subfield>
  </datafield>
  <datafield tag="040" ind1=" " ind2=" ">
    <subfield code="a">CaPaEBR</subfield>
    <subfield code="b">eng</subfield>
    <subfield code="e">rda</subfield>
    <subfield code="e">pn</subfield>
    <subfield code="c">CaPaEBR</subfield>
  </datafield>
  <datafield tag="035" ind1=" " ind2=" ">
    <subfield code="a">(OCoLC)872671239</subfield>
  </datafield>
  <datafield tag="050" ind1="1" ind2="4">
    <subfield code="a">TP786</subfield>
    <subfield code="b">.I57 2010eb</subfield>
  </datafield>
  <datafield tag="082" ind1="0" ind2="4">
    <subfield code="a">620.1/4</subfield>
    <subfield code="2">23</subfield>
  </datafield>
  <datafield tag="111" ind1="2" ind2=" ">
    <subfield code="a">International Meeting on Modern Ceramics Technologies</subfield>
    <subfield code="n">(12th :</subfield>
    <subfield code="d">2010 :</subfield>
    <subfield code="c">Montecatini Terme, Italy),</subfield>
    <subfield code="j">issuing body.</subfield>
  </datafield>
  <datafield tag="245" ind1="1" ind2="0">
    <subfield code="a">Ceramics surfaces for tribology and corrosion &amp; ceramic joining science and technology :</subfield>
    <subfield code="b">12th international ceramics conference. Part C /</subfield>
    <subfield code="c">edited by Pietro Vincenzini, World Academy of Ceramics and National Research Council, Italy ; co-edited by Mark Hadfield, Bournemouth University, UK, Alberto Passerone, IENI-CNR, Italy.</subfield>
  </datafield>
  <datafield tag="246" ind1="3" ind2=" ">
    <subfield code="a">Ceramics surfaces for tribology and corrosion and ceramic joining science and technology</subfield>
  </datafield>
  <datafield tag="264" ind1=" " ind2="1">
    <subfield code="a">Stafa-Zurich :</subfield>
    <subfield code="b">Trans Tech Publishing, on behalf of Techna Group,</subfield>
    <subfield code="c">[2010]</subfield>
  </datafield>
  <datafield tag="264" ind1=" " ind2="4">
    <subfield code="c">&#xFFFD;2010</subfield>
  </datafield>
  <datafield tag="300" ind1=" " ind2=" ">
    <subfield code="a">1 online resource (168 pages) :</subfield>
    <subfield code="b">illustrations.</subfield>
  </datafield>
  <datafield tag="336" ind1=" " ind2=" ">
    <subfield code="a">text</subfield>
    <subfield code="2">rdacontent</subfield>
  </datafield>
  <datafield tag="337" ind1=" " ind2=" ">
    <subfield code="a">computer</subfield>
    <subfield code="2">rdamedia</subfield>
  </datafield>
  <datafield tag="338" ind1=" " ind2=" ">
    <subfield code="a">online resource</subfield>
    <subfield code="2">rdacarrier</subfield>
  </datafield>
  <datafield tag="490" ind1="1" ind2=" ">
    <subfield code="a">Advances in science and technology,</subfield>
    <subfield code="x">1661-819X ;</subfield>
    <subfield code="v">volume 64</subfield>
  </datafield>
  <datafield tag="500" ind1=" " ind2=" ">
    <subfield code="a">"Proceedings of the 12th International Ceramics Congress, part of CIMTEC 2010--12th International Ceramics Congress and 5th Forum on New Materials, Montecatini Terme, Italy, June 6-11, 2010."</subfield>
  </datafield>
  <datafield tag="500" ind1=" " ind2=" ">
    <subfield code="a">"Part C, including Symposium CC: ceramics surfaces for tribology and corrosion; Symposium CD: Ceramic joining.</subfield>
  </datafield>
  <datafield tag="504" ind1=" " ind2=" ">
    <subfield code="a">Includes bibliographical references and indexes.</subfield>
  </datafield>
  <datafield tag="505" ind1="0" ind2=" ">
    <subfield code="a">section I. Corrosion and tribology of ceramic surfaces -- section II. Ceramic joining.</subfield>
  </datafield>
  <datafield tag="588" ind1=" " ind2=" ">
    <subfield code="a">Description based on print version record.</subfield>
  </datafield>
  <datafield tag="590" ind1=" " ind2=" ">
    <subfield code="a">Electronic reproduction. Palo Alto, Calif. : ebrary, 2014. Available via World Wide Web. Access may be limited to ebrary affiliated libraries.</subfield>
  </datafield>
  <datafield tag="650" ind1=" " ind2="0">
    <subfield code="a">Ceramic materials</subfield>
    <subfield code="x">Surfaces</subfield>
    <subfield code="v">Congresses.</subfield>
  </datafield>
  <datafield tag="650" ind1=" " ind2="0">
    <subfield code="a">Ceramic materials</subfield>
    <subfield code="x">Corrosion</subfield>
    <subfield code="v">Congresses.</subfield>
  </datafield>
  <datafield tag="650" ind1=" " ind2="0">
    <subfield code="a">Ceramic to metal bonding</subfield>
    <subfield code="v">Congresses.</subfield>
  </datafield>
  <datafield tag="650" ind1=" " ind2="0">
    <subfield code="a">Tribology</subfield>
    <subfield code="v">Congresses.</subfield>
  </datafield>
  <datafield tag="655" ind1=" " ind2="0">
    <subfield code="a">Electronic books.</subfield>
  </datafield>
  <datafield tag="700" ind1="1" ind2=" ">
    <subfield code="a">Vincenzini, P.,</subfield>
    <subfield code="d">1939-</subfield>
  </datafield>
  <datafield tag="700" ind1="1" ind2=" ">
    <subfield code="a">Hadfield, M.</subfield>
    <subfield code="q">(Mark),</subfield>
    <subfield code="d">1960-</subfield>
  </datafield>
  <datafield tag="700" ind1="1" ind2=" ">
    <subfield code="a">Passerone, Alberto.</subfield>
  </datafield>
  <datafield tag="711" ind1="2" ind2=" ">
    <subfield code="a">Forum on New Materials</subfield>
    <subfield code="n">(5th :</subfield>
    <subfield code="d">2010 :</subfield>
    <subfield code="c">Montecatini Terme, Italy),</subfield>
    <subfield code="j">issuing body.</subfield>
  </datafield>
  <datafield tag="740" ind1="0" ind2="2">
    <subfield code="a">Ceramic joining science and technology.</subfield>
  </datafield>
  <datafield tag="776" ind1="0" ind2="8">
    <subfield code="i">Print version:</subfield>
    <subfield code="a">International Meeting on Modern Ceramics Technologies.</subfield>
    <subfield code="t">Ceramics surfaces for tribology and corrosion &amp; ceramic joining science and technology : 12th international ceramics conference. Part C.</subfield>
    <subfield code="d">Stafa-Zurich : Trans Tech Pub., on behalf of Techna Group, [2010]</subfield>
    <subfield code="h">[a]-b, 160 pages ; 24 cm.</subfield>
    <subfield code="k">Advances in science and technology ; volume 64</subfield>
    <subfield code="x">1661-819X ;</subfield>
    <subfield code="z">9783908158479</subfield>
    <subfield code="w">(OCoLC)ocn702873612</subfield>
    <subfield code="w">(DLC)17184815</subfield>
  </datafield>
  <datafield tag="797" ind1="2" ind2=" ">
    <subfield code="a">ebrary.</subfield>
  </datafield>
  <datafield tag="830" ind1=" " ind2="0">
    <subfield code="a">Advances in science and technology (Faenza, Italy) ;</subfield>
    <subfield code="v">64.</subfield>
  </datafield>
  <datafield tag="856" ind1="4" ind2="0">
    <subfield code="u">http://site.ebrary.com/lib/rucke/Doc?id=10828914</subfield>
    <subfield code="z">An electronic book accessible through the World Wide Web; click to view</subfield>
  </datafield>
  <datafield tag="999" ind1=" " ind2=" ">
    <subfield code="c">85419</subfield>
    <subfield code="d">85419</subfield>
  </datafield>
</record>
